Largest Municipalities in Maryland by First Letter - Statistics

General Stats
  • This quiz has been taken 14 times
  • The average score is 10 of 22
Answer Stats
First Letter County Population Municipality % Correct
B Baltimore 553,293 Baltimore
100%
F Frederick 90,748 Frederick
100%
G Montgomery 69,615 Gaithersburg
93%
A Anne Arundel 40,338 Annapolis
86%
H Washington 43,573 Hagerstown
71%
R Montgomery 67,272 Rockville
71%
S Wicomico 33,250 Salisbury
57%
C Prince George's 33,846 College Park
50%
T Montgomery 17,372 Takoma Park
50%
E Talbot 17,311 Easton
43%
L Anne Arundel 29,011 Laurel
43%
W Carroll 20,802 Westminster
43%
K Montgomery 2,096 Kensington
36%
O Worcester 6,961 Ocean City
36%
P Montgomery 5,710 Poolesville
29%
D Prince George's 5,725 District Heights
21%
I Charles 4,357 Indian Head
21%
Q Queen Anne's 761 Queenstown
21%
V Dorchester 274 Vienna
14%
M Frederick 10,040 Mount Airy
7%
U Prince George's 2,337 University Park
7%
N Prince George's 13,216 North Carrollton
0%
No matching quizzes found
Score Distribution
Percent of People with Each Score
Percentile by Number Answered
Your Score History
You have not taken this quiz